Improving the process of acquiring human resources for the enterprise

Saved in:
Bibliographic Details
Main Author: Pružinský, Michal, 1952-
Other Authors: Kučka, Vladimír
Format: Book Chapter
Language:English
Subjects:
Tags: Add Tag
No Tags, Be the first to tag this record!

MARC

LEADER 00000naa$a2200000$$$4500
001 0223337
005 20240502083555.6
041 0 |a eng 
044 |a PL 
245 1 0 |a Improving the process of acquiring human resources for the enterprise  |c Michal Pružinský, Vladimír Kučka 
610 2 0 |a zdroje ľudské 
610 2 0 |a podnik 
610 2 0 |a riadenie ľudských zdrojov 
610 2 0 |a manažment personálny 
610 2 0 |a marketing personálny 
610 2 0 |a rozvoj pracovníkov 
100 1 |a Pružinský, Michal, 1952- 
700 1 |a Kučka, Vladimír